000
00346 a2200169 4500
001
58902
020
_a
8502039571
040
_c
Anchieta - Pituba
100
_a
Lucci, Elian Alabi
240
1
0
_a
Geografia
_l
por
245
1
0
_a
Geografia
300
_a
256
362
0
_a
2004
440
1
_a
Saraiva
650
4
_a
Geografia e viagens
942
_c
BK
999
_c
58902
_d
58902